Online Catalogue and eLibrary

Language and solitude : (Record no. 764)

MARC details
000 -LEADER
fixed length control field 00498nam a2200181Ia 4500
005 - DATE AND TIME OF LATEST TRANSACTION
control field 20240711030035.0
008 - FIXED-LENGTH DATA ELEMENTS--GENERAL INFORMATION
fixed length control field 240331s9999 xx 000 0 und d
020 ## - INTERNATIONAL STANDARD BOOK NUMBER
ISBN 0521639972
082 ## - DDC Classification
Class No. 192
Item Number - Author Mark GEL
100 ## - MAIN ENTRY--PERSONAL NAME
Personal name Gellner, E
245 #0 - TITLE STATEMENT
Title Language and solitude :
Remainder of title Wittgenstein,Malinowski and the Habsburg dilemma
260 ## - PUBLICATION, DISTRIBUTION, ETC.
Place of publication, distribution, etc. United Kingdom
Name of publisher, distributor, etc. Cambridge University press
Date of publication, distribution, etc. 1998
300 ## - PHYSICAL DESCRIPTION
Extent (e.g. Volumes, Pages etc.) xix, 209 p .,
650 ## - SUBJECT ADDED ENTRY--TOPICAL TERM
Topical term or geographic name entry element Psychology
650 ## - SUBJECT ADDED ENTRY--TOPICAL TERM
Topical term or geographic name entry element Language
650 ## - SUBJECT ADDED ENTRY--TOPICAL TERM
Topical term or geographic name entry element Social Theory
942 ## - Koha item type (Biblio)
Koha item type Books in Stacks (Lending)
Holdings
Lost status Damaged status Collection code Home library Current library Shelving location Date acquired Full call number Accession Number Item type
    Lending WERC Library WERC Library Social Science Cupboard 03/31/2024 192 GEL 2720 Books in Stacks (Lending)

© WERC Library